| 000 | 00646nam a22001817a 4500 | ||
|---|---|---|---|
| 999 |
_c173620 _d173620 |
||
| 005 | 20200303170651.0 | ||
| 010 | _aENG-127959 | ||
| 020 |
_a9789389137293 _c1280.00 |
||
| 035 | _aEN-111491 | ||
| 037 | _bDBAD/PUB | ||
| 082 | _a337.54052 | ||
| 245 |
_ascalin India-Japan Cooperation in indo-Pacific and Beyond 2025 : _bcorridors, Connectivity and contours/ _cedited by Jagannath P.Panda |
||
| 260 |
_aNew Delhi _bKnowledge Work _c2020 |
||
| 270 |
_a4676/21, First floor, Ansari Road,Daryaganj _bNew Delhi _e110002 _mkw@kwpub.com |
||
| 300 |
_avi;331p. _c24cm(hb) |
||
| 500 | _ainclude index | ||
| 942 |
_2ddc _cEN _h337.54052 _mSCA |
||